Economic criticism in American fiction: 1792-1900 (Record no. 49983)

MARC details
000 -LEADER
fixed length control field 00362nam a2200133Ia 4500
008 - FIXED-LENGTH DATA ELEMENTS--GENERAL INFORMATION
fixed length control field 230917s9999||||xx |||||||||||||| ||und||
040 ## - CATALOGING SOURCE
-- 40980
Original cataloging agency VIVEKANANDA LIBRARY
041 ## - Language
-- English
082 ## - DDC NUMBER
Classification number 813.09 F661E
100 ## - MAIN ENTRY--PERSONAL NAME
Personal name Flory, Claude Reherdd
245 #0 - TITLE STATEMENT
Title Economic criticism in American fiction: 1792-1900
260 ## - PUBLICATION, DISTRIBUTION, ETC. (IMPRINT)
Place of publication, distribution, etc New York
Name of publisher, distributor, etc Russell & Russell
Date of publication, distribution, etc 1969
942 ## - ADDED ENTRY ELEMENTS (KOHA)
Koha item type Books
Holdings
Withdrawn status Lost status Damaged status Not for loan Location (home branch) Sublocation or collection (holding branch) Date acquired Koha issues (times borrowed) Koha full call number Accession No. Koha date last seen Koha item type
        VIVEKANANDA LIBRARY VIVEKANANDA LIBRARY 08/11/2002   813.09 F661E 118166 17/09/2023 Books
© Designed and Maintained by Vivekananda Library, MDU Rohtak